Piš /

Sbírka veršů, z nichž mnohé známe jako texty populárních písní. Tyto texty obsahuje především první (Polír) a druhá (Včera mi bylo sedumnáct) část sbírky, byly napsány v letech 1950-1965. Texty populárních písní obsahuje takétřetí část; jde však o překlady a parafráze, k nimž dali popud zpěváci a zp...

Celý popis

Hlavní autor: Kopta, Pavel, 1930-1988
Další autoři: Fára, Libor, 1925-1988
Jazyk: Čeština
Vydáno: Praha : Mladá fronta, 1967
Vydání: 1. vyd.
Externí odkaz: Digitalizovaný dokument
Fyzický popis: 102, [5] s. ; 12°
Knihy
Uloženo v:
LEADER 01561nam a22002892a 4500
001 000949955
003 CZ BrMZK
005 20090924110619.0
007 ta
008 090625s1967 xr a er|||||||||||cze d
015 |a cnb000444549 
035 |a (OCoLC)85209527 
040 |a ABA001  |b cze  |c BOA001  |d ABA001 
080 9 |a 885-1:784.3 
100 1 |a Kopta, Pavel,  |d 1930-1988  |7 jk01061755  |4 aut 
245 1 0 |a Piš /  |c Pavel Kopta ; [ilustroval Libor Fára] 
250 |a 1. vyd. 
260 |a Praha :  |b Mladá fronta,  |c 1967  |f (Mír 2) 
300 |a 102, [5] s. ;  |c 12° 
520 |a Sbírka veršů, z nichž mnohé známe jako texty populárních písní. Tyto texty obsahuje především první (Polír) a druhá (Včera mi bylo sedumnáct) část sbírky, byly napsány v letech 1950-1965. Texty populárních písní obsahuje takétřetí část; jde však o překlady a parafráze, k nimž dali popud zpěváci a zpěvačky svou vynikající interpretací (Jewel Brownová a Waldemar Matuška, Vzpomínka na San Francisko, Edith Piaf a Hana Hegerová, Mylord). Čtvrtou částtvoří vtipné verše mnohdy se sarkastickou pointou (Sobci). 
500 |a Dostupné též v digitální podobě v aplikaci Kramerius 
700 1 |a Fára, Libor,  |d 1925-1988  |7 jk01030760  |4 ill 
856 4 1 |u http://www.digitalniknihovna.cz/mzk/uuid/uuid:29e189a0-ee81-11ea-804d-005056827e51  |y Digitalizovaný dokument  |x NDK 
910 |a BOA001  |b 1-0574.055 
990 |a BK 
991 |b 200906 
996 6 |b 2619472702  |c 1-0574.055  |l MZK  |r Sklad / do 1 hodiny  |n 0  |w 000949955  |u 000010  |a 1  |e BOA001  |j MZK50  |s P